Tropical garden plants in colour (Record no. 10537)

MARC details
000 -LEADER
fixed length control field 00699nam a2200181Ia 4500
003 - CONTROL NUMBER IDENTIFIER
control field IN-BaIIA
008 - FIXED-LENGTH DATA ELEMENTS--GENERAL INFORMATION
fixed length control field 211028s9999 xx 000 0 eng d
020 ## - INTERNATIONAL STANDARD BOOK NUMBER
International Standard Book Number 81-900171-0-1
040 ## - CATALOGING SOURCE
Transcribing agency IIA Library
080 ## - UNIVERSAL DECIMAL CLASSIFICATION NUMBER
Universal Decimal Classification number (03)635.9
Item number TRO
245 #0 - TITLE STATEMENT
Title Tropical garden plants in colour
Remainder of title a guide to tropical ornamental plants for garden and home with more than 1660 colour illustrations
Statement of responsibility, etc. edited by T. K. Bose and Chowdhury B.
260 ## - PUBLICATION, DISTRIBUTION, ETC.
Place of publication, distribution, etc. Calcutta
Name of publisher, distributor, etc. Horticulture and Allied Publishers
Date of publication, distribution, etc. 1991
300 ## - PHYSICAL DESCRIPTION
Extent 452p.
650 ## - SUBJECT ADDED ENTRY--TOPICAL TERM
Topical term or geographic name entry element Astronomy and Astrophysics Thesaurus
700 ## - ADDED ENTRY--PERSONAL NAME
Personal name Bose, T. K., ed.
9 (RLIN) 17911
700 ## - ADDED ENTRY--PERSONAL NAME
Personal name Chowdhury, B., ed.
9 (RLIN) 17912
942 ## - ADDED ENTRY ELEMENTS (KOHA)
Koha item type Books
Holdings
Withdrawn status Lost status Damaged status Not for loan Home library Current library Shelving location Date acquired Cost, normal purchase price Total Checkouts Full call number Barcode Date last seen Cost, replacement price Price effective from Koha item type Purchase Price
        IIA Library-Bangalore IIA Library-Bangalore General Stacks 02/02/1993 1500.00   (03)635.9/ TRO 11448 05/11/2021 1500.00 02/02/1993 Books Rs. 1500.00

Powered by Koha